| 000 | 00829nam a2200265Ia 4500 | ||
|---|---|---|---|
| 999 |
_c4580 _d4580 |
||
| 001 | 30152946 | ||
| 003 | OCoLC | ||
| 005 | 20181210155813.0 | ||
| 008 | 940415c19931954cau 000 0 eng d | ||
| 010 | _z54005848 | ||
| 020 | _z0060608528 | ||
| 040 |
_aKAT _cKAT _dURB |
||
| 082 |
_a242 _bB714L |
||
| 090 |
_aBV4503 _b.B622 1993a |
||
| 100 | 1 |
_aBonhoeffer, Dietrich, _d1906-1945. |
|
| 240 | 1 | 0 |
_aGemeinsames Leben. _lEnglish |
| 245 | 1 | 0 |
_aLife together / _cby Dietrich Bonhoeffer ; translated and with an introduction by John W. Doberstein. |
| 260 |
_a[San Francisco] : _bHarperSanFrancisco, _c[1993?], c1954 |
||
| 300 |
_a122 p. ; _c21 cm. |
||
| 630 | 0 | 0 |
_aBible. _pPsalms _xCriticism, interpretation, etc. |
| 650 | 0 | _aChristian life. | |
| 650 | 0 | _aChristian communities. | |
| 700 | 1 | _aDoberstein, John W. | |
| 942 |
_2ddc _cBK |
||